000 00353nam a2200145Ia 4500
008 210210b1916 xxu||||| |||| 00| 0 eng d
041 _aeng
082 _a822/1006
100 _aRAWLINSON (H G)
245 _aHistory of herodotus Vol I
260 _aLondon
_bJ M Dent and Sons Ltd.
_c1916
440 _aI
690 _aEnglish Prose
906 _a013189
999 _c132037
_d132037